[Event "7. Rilton Cup 2007/2008"]
[Site "Stockholm SWE"]
[Date "2008.01.03"]
[Round "7.16"]
[White "Meskovs, Nikita"]
[Black "Nithander, Victor"]
[Result "1/2-1/2"]
[WhiteElo "2085"]
[BlackElo "2367"]
[PlyCount "77"]
[EventDate "2007.12.27"]
[EventType "swiss"]
[EventRounds "9"]
[EventCountry "SWE"]
[Source "lmi"]
[SourceDate "2008.12.27"]

1. d4 Nf6 2. c4 g6 3. Nc3 Bg7 4. e4 d6 5. Nf3 O-O 6. h3 Na6 7. Bg5 Qe8 8. Nd2
e5 9. d5 Nh5 10. g3 f5 11. Be2 Nf6 12. g4 f4 13. f3 Bd7 14. Bh4 Rf7 15. Bf2 Bf8
16. Rb1 c5 17. a3 g5 18. b4 b6 19. h4 gxh4 20. Bxh4 Be7 21. b5 Nc7 22. Kf2 Qd8
23. Bxf6 Bxf6 24. Rh5 Bh4+ 25. Kg2 Bg5 26. Qh1 Rg7 27. Kf2 Ne8 28. Rh2 Nf6 29.
a4 Be8 30. Rg1 Bg6 31. Bd3 Kf7 32. Ke2 Qe7 33. Nd1 Rh8 34. Nf2 h6 35. Nb3 Rgh7
36. Nh3 Nd7 37. a5 Qf6 38. Kd2 Bh4 39. Kc3 1/2-1/2

[Event "7. Rilton Cup 2007/2008"]
[Site "Stockholm SWE"]
[Date "2008.01.03"]
[Round "7.17"]
[White "Nyysti, Sampsa"]
[Black "Jiretorn, Eva"]
[Result "1-0"]
[WhiteElo "2364"]
[BlackElo "2121"]
[PlyCount "67"]
[EventDate "2007.12.27"]
[EventType "swiss"]
[EventRounds "9"]
[EventCountry "SWE"]
[Source "lmi"]
[SourceDate "2008.12.27"]

1. e4 c5 2. Nf3 Nc6 3. d4 cxd4 4. Nxd4 g6 5. c4 Nf6 6. Nc3 d6 7. Nc2 Bg7 8. Be2
O-O 9. O-O Be6 10. Rb1 Ne5 11. b3 a6 12. Bb2 Qa5 13. f3 Rfc8 14. a4 h5 15. Kh1
Bd7 16. Ne3 Bc6 17. Ncd5 Nxd5 18. exd5 Bd7 19. f4 Ng4 20. Bxg4 hxg4 21. Bxg7
Kxg7 22. Qd4+ f6 23. f5 g5 24. Rbe1 Qd8 25. Nxg4 b5 26. Rf3 bxc4 27. Rfe3 Kf8
28. Rxe7 Qxe7 29. Rxe7 Kxe7 30. Qxf6+ Ke8 31. Qh8+ Ke7 32. f6+ Kf7 33. Qg7+ Ke8
34. Qe7# 1-0

[Event "7. Rilton Cup 2007/2008"]
[Site "Stockholm SWE"]
[Date "2008.01.03"]
[Round "7.20"]
[White "Blomqvist, Erik"]
[Black "Holving, Rasmus"]
[Result "1-0"]
[WhiteElo "2334"]
[BlackElo "2210"]
[PlyCount "45"]
[EventDate "2007.12.27"]
[EventType "swiss"]
[EventRounds "9"]
[EventCountry "SWE"]
[Source "lmi"]
[SourceDate "2008.12.27"]

1. e4 e5 2. Nf3 Nf6 3. Nxe5 Nc6 4. Nxc6 dxc6 5. f3 Be6 6. Qe2 Bc5 7. c3 Qe7 8.
d4 Bb6 9. Be3 O-O-O 10. b4 a5 11. a3 h6 12. Nd2 g5 13. g4 Nh7 14. Qf2 h5 15.
gxh5 g4 16. fxg4 Bxg4 17. Rg1 Qe6 18. Bc4 Qd7 19. Qxf7 Nf8 20. Qxd7+ Bxd7 21.
h6 Re8 22. O-O-O axb4 23. axb4 1-0

[Event "7. Rilton Cup 2007/2008"]
[Site "Stockholm SWE"]
[Date "2008.01.03"]
[Round "7.21"]
[White "Ask, Josef"]
[Black "Bejtovic, Jasmin"]
[Result "1-0"]
[WhiteElo "2235"]
[BlackElo "2307"]
[PlyCount "73"]
[EventDate "2007.12.27"]
[EventType "swiss"]
[EventRounds "9"]
[EventCountry "SWE"]
[Source "lmi"]
[SourceDate "2008.12.27"]

1. d4 Nf6 2. Nf3 g6 3. g3 Bg7 4. Bg2 O-O 5. O-O c5 6. c3 d5 7. Ne5 Nc6 8. Nxc6
bxc6 9. Qa4 Qb6 10. dxc5 Qxc5 11. Be3 Qd6 12. h3 e5 13. Rd1 Bd7 14. Qa5 Qb8 15.
b3 Qc8 16. Kh2 Be6 17. Na3 Nd7 18. Rac1 f5 19. f4 g5 20. Nc2 h5 21. fxg5 h4 22.
gxh4 f4 23. Bg1 e4 24. Nd4 Ne5 25. Rf1 f3 26. exf3 exf3 27. Nxf3 Nxf3+ 28. Rxf3
Be5+ 29. Kh1 Rxf3 30. Bxf3 Bxh3 31. Bxd5+ cxd5 32. Qxd5+ Kh7 33. g6+ Kxg6 34.
Be3 Bg7 35. Rg1+ Kh7 36. Qh5+ Kg8 37. Bd4 1-0

[Event "7. Rilton Cup 2007/2008"]
[Site "Stockholm SWE"]
[Date "2008.01.03"]
[Round "7.22"]
[White "Frisk Kockum, Anton"]
[Black "Dede, Erno"]
[Result "1/2-1/2"]
[WhiteElo "2206"]
[BlackElo "2273"]
[PlyCount "170"]
[EventDate "2007.12.27"]
[EventType "swiss"]
[EventRounds "9"]
[EventCountry "SWE"]
[Source "lmi"]
[SourceDate "2008.12.27"]

1. d4 Nc6 2. Nf3 d6 3. d5 Ne5 4. e4 Nxf3+ 5. Qxf3 g6 6. Bb5+ Bd7 7. Qb3 Rb8 8.
Bxd7+ Qxd7 9. Be3 b6 10. Nc3 Nf6 11. f3 Bg7 12. Nb5 a6 13. Nd4 O-O 14. O-O-O c5
15. dxc6 Qc7 16. g4 e5 17. Ne2 Qxc6 18. Nc3 Rfc8 19. h4 b5 20. h5 b4 21. Nd5
Nxd5 22. Rxd5 Rb5 23. hxg6 hxg6 24. Rhd1 Bf8 25. Rxb5 Qxb5 26. Qd3 Qxd3 27.
Rxd3 f5 28. b3 Kf7 29. Bd2 Rb8 30. Rd5 Ke6 31. Kb2 Be7 32. gxf5+ gxf5 33. a3
bxa3+ 34. Kxa3 Rh8 35. Ka4 fxe4 36. fxe4 Rh4 37. Ka5 Rxe4 38. c4 Re2 39. Kxa6
e4 40. Kb5 e3 41. Bb4 Rb2 42. Rd3 e2 43. Kc6 Kf5 44. Re3 Bg5 45. Re8 Rxb3 46.
Rxe2 Rxb4 47. Kxd6 Rxc4 48. Kd5 Rc1 49. Re5+ Kg4 50. Re4+ Bf4 51. Rc4 Re1 52.
Rc8 Kf3 53. Rc3+ Be3 54. Rc8 Rd1+ 55. Ke5 Bf4+ 56. Kf5 Rd5+ 57. Ke6 Re5+ 58.
Kf6 Ra5 59. Re8 Be3 60. Ke6 Bf4 61. Kf6 Ra6+ 62. Kf5 Rb6 63. Ra8 Rb5+ 64. Ke6
Be5 65. Ra4 Ke3 66. Ra2 Bd4 67. Rh2 Re5+ 68. Kd6 Kd3 69. Rh1 Ra5 70. Ke6 Be3
71. Rh4 Bd4 72. Rh1 Kc4 73. Rc1+ Bc3 74. Rb1 Ra6+ 75. Kf5 Bd4 76. Rb8 Rd6 77.
Ra8 Kd5 78. Ra5+ Bc5 79. Ra2 Rd8 80. Re2 Rf8+ 81. Kg4 Bd4 82. Kg3 Be5+ 83. Kg4
Rf4+ 84. Kg3 Ke6 85. Kg2 Kf5 1/2-1/2

[Event "7. Rilton Cup 2007/2008"]
[Site "Stockholm SWE"]
[Date "2008.01.03"]
[Round "7.23"]
[White "Niemi, Mikko"]
[Black "Angskog, Kent"]
[Result "1/2-1/2"]
[WhiteElo "2188"]
[BlackElo "2271"]
[PlyCount "107"]
[EventDate "2007.12.27"]
[EventType "swiss"]
[EventRounds "9"]
[EventCountry "SWE"]
[Source "lmi"]
[SourceDate "2008.12.27"]

1. c4 g6 2. g3 Bg7 3. Bg2 e5 4. Nc3 Ne7 5. Nf3 O-O 6. O-O d6 7. Rb1 Be6 8. d3
h6 9. b4 Qd7 10. Nd2 c6 11. b5 e4 12. bxc6 Nbxc6 13. Ncxe4 f5 14. Nxd6 Qxd6 15.
Rxb7 Rab8 16. Rxb8 Rxb8 17. Nb3 g5 18. Be3 Qa3 19. Qd2 Qb2 20. Qxb2 Bxb2 21.
Nc5 Bf7 22. Na6 Rd8 23. Rb1 Bd4 24. Rb7 Kf8 25. Nc5 f4 26. Bxd4 Nxd4 27. e3
Ne2+ 28. Kf1 Nc1 29. Be4 f3 30. Rxa7 Bxc4 31. Nd7+ Ke8 32. dxc4 Rxd7 33. Ra8+
Rd8 34. Rxd8+ Kxd8 35. Bxf3 Nxa2 36. Kg2 Nb4 37. Kh3 Ke8 38. Kg4 Kf7 39. Be4
Na6 40. f4 Nc5 41. Bc2 gxf4 42. gxf4 Ne6 43. Be4 Kf6 44. Bd5 Nc5 45. Kh5 Kg7
46. Kg4 Kg6 47. Kf3 Nf5 48. e4 Nd4+ 49. Kg4 h5+ 50. Kg3 Nd3 51. f5+ Kg5 52. h4+
Kf6 53. c5 Nxc5 54. Kf4 1/2-1/2

[Event "7. Rilton Cup 2007/2008"]
[Site "Stockholm SWE"]
[Date "2008.01.03"]
[Round "7.24"]
[White "Sisatto, Olli"]
[Black "Andersson, Fredrik"]
[Result "1/2-1/2"]
[WhiteElo "2264"]
[BlackElo "2229"]
[PlyCount "33"]
[EventDate "2007.12.27"]
[EventType "swiss"]
[EventRounds "9"]
[EventCountry "SWE"]
[Source "lmi"]
[SourceDate "2008.12.27"]

1. e4 c5 2. c3 d6 3. d4 Nf6 4. Bd3 g6 5. Nf3 Bg7 6. O-O O-O 7. h3 d5 8. exd5
Qxd5 9. c4 Qd8 10. dxc5 Na6 11. Nc3 Nxc5 12. Bc2 Qxd1 13. Rxd1 Be6 14. Be3 Na6
15. b3 Nb4 16. Rac1 Nxc2 17. Rxc2 1/2-1/2

[Event "7. Rilton Cup 2007/2008"]
[Site "Stockholm SWE"]
[Date "2008.01.04"]
[Round "8.1"]
[White "Berczes, David"]
[Black "Wojtaszek, Radoslaw"]
[Result "1/2-1/2"]
[PlyCount "37"]
[EventDate "2007.12.27"]
[EventType "swiss"]
[EventRounds "9"]
[EventCountry "SWE"]
[Source "lmi"]
[SourceDate "2008.12.27"]
[WhiteElo "2430"]
[BlackElo "2635"]

1. d4 e6 2. c4 Bb4+ 3. Nd2 b6 4. Ngf3 Bb7 5. a3 Bxd2+ 6. Qxd2 f5 7. e3 Nf6 8.
Be2 O-O 9. O-O Ne4 10. Qc2 Rf6 11. b4 Rh6 12. d5 exd5 13. Bb2 dxc4 14. Bxc4+ d5
15. Rad1 Rd6 16. Ba2 Nc6 17. b5 Ne7 18. Be5 Rg6 19. Bxc7 1/2-1/2

[Event "7. Rilton Cup 2007/2008"]
[Site "Stockholm SWE"]
[Date "2008.01.04"]
[Round "8.3"]
[White "Agrest, Evgenij"]
[Black "Ivanov, Sergey"]
[Result "1/2-1/2"]
[PlyCount "23"]
[EventDate "2007.12.27"]
[EventType "swiss"]
[EventRounds "9"]
[EventCountry "SWE"]
[Source "lmi"]
[SourceDate "2008.12.27"]
[WhiteElo "2541"]
[BlackElo "2537"]

1. d4 d5 2. Nf3 Nf6 3. c4 c6 4. cxd5 cxd5 5. Nc3 Nc6 6. Bf4 Bf5 7. e3 e6 8. Bd3
Bxd3 9. Qxd3 Be7 10. h3 O-O 11. O-O a6 12. Rfc1 1/2-1/2

[Event "7. Rilton Cup 2007/2008"]
[Site "Stockholm SWE"]
[Date "2008.01.04"]
[Round "8.5"]
[White "Cicak, Slavko"]
[Black "Farago, Ivan"]
[Result "1/2-1/2"]
[PlyCount "97"]
[EventDate "2007.12.27"]
[EventType "swiss"]
[EventRounds "9"]
[EventCountry "SWE"]
[Source "lmi"]
[SourceDate "2008.12.27"]
[WhiteElo "2569"]
[BlackElo "2505"]

1. d4 e6 2. Nf3 Nf6 3. Bg5 c5 4. e3 Be7 5. Nbd2 b6 6. dxc5 bxc5 7. e4 d5 8.
Bb5+ Bd7 9. Bxd7+ Nbxd7 10. exd5 exd5 11. O-O O-O 12. Re1 h6 13. Bh4 Re8 14. c3
Qb6 15. Qc2 Bf8 16. Nf1 Rxe1 17. Rxe1 Re8 18. Rd1 Qa6 19. a3 Re2 20. Rd2 Rxd2
21. Qxd2 Qc4 22. Ne3 Qe4 23. Bxf6 Nxf6 24. Qc2 Qxc2 25. Nxc2 Bd6 26. g3 Kf8 27.
Ne3 Ke8 28. c4 dxc4 29. Nxc4 Ke7 30. Kf1 Ke6 31. Ke2 Bc7 32. Nfd2 Be5 33. f3
Bd4 34. Kd3 Bg1 35. Nf1 Nd7 36. f4 g6 37. b3 Kd5 38. h3 h5 39. Nfd2 Bd4 40. Nf3
Bf2 41. g4 hxg4 42. hxg4 Bg3 43. Ke3 Nf8 44. Ng5 f5 45. Kf3 Bh2 46. gxf5 gxf5
47. Ne3+ Kd4 48. Nxf5+ Kc3 49. Ne4+ 1/2-1/2

[Event "7. Rilton Cup 2007/2008"]
[Site "Stockholm SWE"]
[Date "2008.01.04"]
[Round "8.9"]
[White "Nyysti, Sampsa"]
[Black "Grandelius, Nils"]
[Result "0-1"]
[PlyCount "110"]
[EventDate "2007.12.27"]
[EventType "swiss"]
[EventRounds "9"]
[EventCountry "SWE"]
[Source "lmi"]
[SourceDate "2008.12.27"]
[WhiteElo "2364"]
[BlackElo "2377"]

1. d4 Nf6 2. Nf3 g6 3. Nc3 d5 4. Bf4 Bg7 5. Qd2 Ne4 6. Nxe4 dxe4 7. Ne5 Be6 8.
e3 Nd7 9. Nxd7 Qxd7 10. c4 c6 11. Qc2 O-O 12. Be2 Rad8 13. Rd1 Bf5 14. h3 h5
15. Rg1 h4 16. Bg5 Bf6 17. Bxf6 exf6 18. Kd2 Qc7 19. Kc1 Qa5 20. Kb1 Be6 21.
Qd2 Qxd2 22. Rxd2 Rd7 23. Kc2 Kg7 24. Kc3 f5 25. f4 exf3 26. gxf3 Kh6 27. f4 f6
28. Bf3 g5 29. fxg5+ fxg5 30. Rdg2 Rg8 31. e4 fxe4 32. Bg4 Bxg4 33. Rxg4 Rf7
34. Rxh4+ gxh4 35. Rxg8 Rf3+ 36. Kb4 Rxh3 37. Re8 Re3 38. d5 cxd5 39. cxd5 Kg5
40. Kc5 h3 41. Rh8 Kf4 42. Rf8+ Kg4 43. Kd4 h2 44. Rg8+ Kf3 45. Rf8+ Kg2 46.
Kxe3 h1=Q 47. Rg8+ Kf1 48. Rf8+ Ke1 49. Rf4 Qg2 50. Rxe4 Qxb2 51. Kf4+ Kd2 52.
Kf5 Kd3 53. Re5 Qxa2 54. Ke6 Kd4 55. Rg5 Kc5 0-1

[Event "7. Rilton Cup 2007/2008"]
[Site "Stockholm SWE"]
[Date "2008.01.04"]
[Round "8.10"]
[White "Hansen, Lars Bo"]
[Black "Dimitrijevic, Radmilo"]
[Result "1-0"]
[PlyCount "149"]
[EventDate "2007.12.27"]
[EventType "swiss"]
[EventRounds "9"]
[EventCountry "SWE"]
[Source "lmi"]
[SourceDate "2008.12.27"]
[WhiteElo "2572"]
[BlackElo "2070"]

1. d4 d5 2. Nf3 Nf6 3. c4 e6 4. Nc3 Nbd7 5. cxd5 exd5 6. Bg5 c6 7. e3 Be7 8.
Qc2 O-O 9. Bd3 Re8 10. O-O Nf8 11. h3 Ne4 12. Bf4 f5 13. Ne5 Ng6 14. Bh2 Nxe5
15. Bxe5 Bd6 16. Bxd6 Qxd6 17. Ne2 Bd7 18. b4 b6 19. Rab1 Rac8 20. Rfc1 Qe7 21.
Ba6 Rb8 22. a4 Qh4 23. Rf1 Re6 24. Bd3 Rg6 25. f3 Ng3 26. Nxg3 Qxg3 27. Kh1 Re8
28. Rbe1 Qg5 29. e4 fxe4 30. fxe4 Qg3 31. e5 Rh6 32. Bf5 Bxf5 33. Qxf5 Qg6 34.
Qxg6 Rxg6 35. Rc1 Rge6 36. Rf3 Rc8 37. Rfc3 Kf7 38. b5 c5 39. dxc5 bxc5 40.
Rxc5 Rxc5 41. Rxc5 Rxe5 42. Kg1 Kf6 43. Kf2 Re4 44. a5 Ra4 45. a6 d4 46. Kf3
Rb4 47. Ke4 h6 48. h4 Ke6 49. Rc6+ Kf7 50. Rc7+ Kg6 51. Rc5 Kf7 52. h5 Ke6 53.
Rc6+ Kf7 54. Rc7+ Kf6 55. Rb7 g6 56. hxg6 Kxg6 57. Rxa7 Rxb5 58. Rb7 Ra5 59.
Rb6+ Kg5 60. Kxd4 h5 61. Kc4 Kh4 62. Kb3 Ra1 63. Rb4+ Kg3 64. Ra4 Rb1+ 65. Kc4
Rb8 66. Ra2 Rd8 67. a7 h4 68. a8=Q Rxa8 69. Rxa8 Kxg2 70. Rg8+ Kf3 71. Rh8 Kg3
72. Kd3 h3 73. Ke2 Kg2 74. Rg8+ Kh1 75. Kf3 1-0

[Event "7. Rilton Cup 2007/2008"]
[Site "Stockholm SWE"]
[Date "2008.01.04"]
[Round "8.12"]
[White "Karlsson, Lars"]
[Black "Ruck, Tamas"]
[Result "1-0"]
[PlyCount "93"]
[EventDate "2007.12.27"]
[EventType "swiss"]
[EventRounds "9"]
[EventCountry "SWE"]
[Source "lmi"]
[SourceDate "2008.12.27"]
[WhiteElo "2485"]
[BlackElo "2343"]

1. g3 Nf6 2. c4 e6 3. Nf3 d5 4. b3 Be7 5. Bb2 O-O 6. Bg2 c5 7. e3 Nc6 8. O-O
dxc4 9. bxc4 Qd3 10. Qb3 Rd8 11. Ne5 Nxe5 12. Bxe5 Ng4 13. Bc3 Bf6 14. Bxf6
Nxf6 15. Nc3 Rb8 16. Rfd1 b6 17. Nd5 Qxb3 18. Nxf6+ gxf6 19. axb3 Bb7 20. d4
Bxg2 21. Kxg2 cxd4 22. Rxd4 Rxd4 23. exd4 a5 24. Kf3 Kf8 25. Ke4 Ke7 26. b4 f5+
27. Kd3 axb4 28. Ra4 Kd6 29. Rxb4 Kc6 30. Ra4 b5 31. Ra6+ Kb7 32. cxb5 Rd8 33.
Rc6 Ra8 34. d5 exd5 35. Rf6 Ra2 36. Rxf7+ Kb6 37. Rxf5 Kc5 38. b6 Rb2 39. Rf6
h5 40. h4 Rb3+ 41. Kc2 Rb4 42. Rh6 Kc4 43. Rc6+ Kd4 44. f3 Ke3 45. Rc3+ Ke2 46.
Rb3 Rc4+ 47. Kb2 1-0

[Event "7. Rilton Cup 2007/2008"]
[Site "Stockholm SWE"]
[Date "2008.01.04"]
[Round "8.14"]
[White "Nithander, Victor"]
[Black "Akesson, Ralf"]
[Result "1/2-1/2"]
[PlyCount "68"]
[EventDate "2007.12.27"]
[EventType "swiss"]
[EventRounds "9"]
[EventCountry "SWE"]
[Source "lmi"]
[SourceDate "2008.12.27"]
[WhiteElo "2367"]
[BlackElo "2468"]

1. e4 c6 2. d4 d5 3. Nd2 dxe4 4. Nxe4 Bf5 5. Ng3 Bg6 6. h4 h6 7. Nf3 Nd7 8. h5
Bh7 9. Bd3 Bxd3 10. Qxd3 e6 11. Bf4 Qa5+ 12. Bd2 Qc7 13. O-O-O Ngf6 14. Ne4 Bd6
15. Kb1 Bf4 16. Bc3 Nxe4 17. Qxe4 Nf6 18. Qe2 Nd5 19. Be1 b5 20. g3 Bd6 21. Ne5
O-O 22. f4 c5 23. dxc5 Bxe5 24. Qxe5 Qxc5 25. Rh2 Rfc8 26. Re2 Nf6 27. a3 Rc6
28. Bb4 Qxe5 29. Rxe5 a6 30. Ba5 Rac8 31. Rd2 Ng4 32. Re1 Nf6 33. Re5 Ng4 34.
Re1 Nf6 1/2-1/2

[Event "7. Rilton Cup 2007/2008"]
[Site "Stockholm SWE"]
[Date "2008.01.04"]
[Round "8.15"]
[White "Ernst, Thomas"]
[Black "Lindberg, Henrik"]
[Result "1/2-1/2"]
[PlyCount "42"]
[EventDate "2007.12.27"]
[EventType "swiss"]
[EventRounds "9"]
[EventCountry "SWE"]
[Source "lmi"]
[SourceDate "2008.12.27"]
[WhiteElo "2450"]
[BlackElo "2254"]

1. d4 Nf6 2. c4 e6 3. Nc3 Bb4 4. e3 c5 5. Nge2 cxd4 6. exd4 O-O 7. a3 Be7 8. d5
exd5 9. cxd5 Re8 10. g3 Bc5 11. b4 Bb6 12. Bg2 d6 13. h3 a6 14. O-O Bf5 15. Nd4
Bg6 16. Be3 Nbd7 17. Nce2 Rc8 18. Nf4 Ne5 19. Nxg6 hxg6 20. Nc2 Nc4 21. Bxb6
Qxb6 1/2-1/2

[Event "7. Rilton Cup 2007/2008"]
[Site "Stockholm SWE"]
[Date "2008.01.04"]
[Round "8.16"]
[White "Bellon Lopez, Juan Manuel"]
[Black "Ask, Josef"]
[Result "0-1"]
[PlyCount "47"]
[EventDate "2007.12.27"]
[EventType "swiss"]
[EventRounds "9"]
[EventCountry "SWE"]
[Source "lmi"]
[SourceDate "2008.12.27"]
[WhiteElo "2434"]
[BlackElo "2235"]

1. b3 e5 2. Bb2 Nc6 3. e3 d5 4. g3 Nf6 5. Bg2 Bg4 6. Ne2 Qd7 7. h3 Be6 8. d4
Bd6 9. dxe5 Bxe5 10. Bxe5 Nxe5 11. Nbc3 O-O 12. g4 Ng6 13. g5 Nh4 14. Nf4 Nxg2+
15. Nxg2 Qc6 16. Qd4 Ne4 17. Nxe4 dxe4 18. O-O-O a5 19. Nf4 a4 20. Kb2 axb3 21.
axb3 Ra2+ 22. Kxa2 Qxc2+ 23. Ka1 Ra8+ 24. Qa4 0-1

[Event "7. Rilton Cup 2007/2008"]
[Site "Stockholm SWE"]
[Date "2008.01.04"]
[Round "8.17"]
[White "Furhoff, Johan"]
[Black "Meskovs, Nikita"]
[Result "1-0"]
[PlyCount "67"]
[EventDate "2007.12.27"]
[EventType "swiss"]
[EventRounds "9"]
[EventCountry "SWE"]
[Source "lmi"]
[SourceDate "2008.12.27"]
[WhiteElo "2392"]
[BlackElo "2085"]

1. e4 c5 2. Nc3 Nc6 3. f4 g6 4. Nf3 Bg7 5. Be2 e6 6. d4 Nge7 7. dxc5 Qa5 8. Be3
Bxc3+ 9. bxc3 Qxc3+ 10. Kf2 f5 11. Qd3 Qb4 12. Nd2 O-O 13. e5 Nd5 14. Nc4 b5
15. cxb6 Ba6 16. Rhb1 Qe7 17. Qd2 Ncb4 18. b7 Rab8 19. Nd6 Bxe2 20. Rxb4 Qh4+
21. Kxe2 Nxb4 22. Qxb4 g5 23. Bxa7 gxf4 24. Kd3 Rbd8 25. Rf1 Qxh2 26. Qxf4 Qh5
27. Rf3 Kh8 28. Kc3 Qh1 29. Kb2 Qe1 30. Rh3 Rde8 31. Qh4 Qxh4 32. Rxh4 Rd8 33.
Rb4 Kg7 34. b8=Q 1-0

[Event "7. Rilton Cup 2007/2008"]
[Site "Stockholm SWE"]
[Date "2008.01.04"]
[Round "8.18"]
[White "Livner, Anders"]
[Black "Akesson, Joel"]
[Result "1-0"]
[PlyCount "58"]
[EventDate "2007.12.27"]
[EventType "swiss"]
[EventRounds "9"]
[EventCountry "SWE"]
[Source "lmi"]
[SourceDate "2008.12.27"]
[WhiteElo "2281"]
[BlackElo "2344"]

1. d4 d5 2. c4 c6 3. Nf3 Nf6 4. e3 Bg4 5. cxd5 Bxf3 6. Qxf3 cxd5 7. Nc3 Nc6 8.
Bd3 e6 9. O-O Bd6 10. Bd2 Rc8 11. Qh3 a6 12. f4 Ne7 13. Be1 Bb4 14. Na4 Bxe1
15. Raxe1 Ne4 16. Bxe4 dxe4 17. Qh5 Qd5 18. f5 Qxa2 19. fxe6 Qxe6 20. Nc5 Qg6
21. Qe5 b6 22. Nxe4 Kd7 23. Rf6 gxf6 24. Nxf6+ Kc6 25. Qxe7 Rhd8 26. Rc1+ Kb5
27. Rxc8 Rxc8 28. Qd7+ Rc6 29. Qd5+ Kb4 1-0

[Event "7. Rilton Cup 2007/2008"]
[Site "Stockholm SWE"]
[Date "2008.01.04"]
[Round "8.19"]
[White "Stokke, Kjetil"]
[Black "Adler, Bo"]
[Result "1-0"]
[PlyCount "89"]
[EventDate "2007.12.27"]
[EventType "swiss"]
[EventRounds "9"]
[EventCountry "SWE"]
[Source "lmi"]
[SourceDate "2008.12.27"]
[WhiteElo "2372"]
[BlackElo "2208"]

1. d4 d5 2. Nf3 Nf6 3. g3 Bg4 4. Ne5 Bf5 5. c4 e6 6. Nc3 Nbd7 7. Bg2 c6 8. O-O
Nxe5 9. dxe5 Nd7 10. cxd5 exd5 11. e4 dxe4 12. Nxe4 Nxe5 13. Qh5 g6 14. Qe2 Be7
15. Rd1 Qc7 16. Bh6 Be6 17. Bg7 Rg8 18. Nf6+ Bxf6 19. Bxf6 Nd7 20. Bg5 Qe5 21.
Qd2 f6 22. Bf4 Qf5 23. Qb4 Nb6 24. a4 Rg7 25. Bh6 Re7 26. Bd2 Kf7 27. Qh4 g5
28. Qb4 Bd5 29. g4 Qc2 30. Rdc1 Qb3 31. a5 Nd7 32. a6 bxa6 33. Qxb3 Bxb3 34.
Rxc6 Rb8 35. Raxa6 Nb6 36. Bc3 Rd8 37. Rxf6+ Kg8 38. h3 Nd5 39. Rf5 Nxc3 40.
Rxg5+ Kf7 41. bxc3 Rd2 42. Rf5+ Kg7 43. Ra3 Bc2 44. Rf4 Rd3 45. Rd4 1-0

[Event "7. Rilton Cup 2007/2008"]
[Site "Stockholm SWE"]
[Date "2008.01.04"]
[Round "8.20"]
[White "Dede, Erno"]
[Black "Niemi, Mikko"]
[Result "1/2-1/2"]
[PlyCount "23"]
[EventDate "2007.12.27"]
[EventType "swiss"]
[EventRounds "9"]
[EventCountry "SWE"]
[Source "lmi"]
[SourceDate "2008.12.27"]
[WhiteElo "2273"]
[BlackElo "2188"]

1. d4 d6 2. e4 g6 3. Nf3 Bg7 4. Nc3 a6 5. a4 Nf6 6. Bf4 O-O 7. Qd2 Nc6 8. Bd3
Nh5 9. Bh6 e5 10. Bxg7 Kxg7 11. dxe5 dxe5 12. Nd5 1/2-1/2

[Event "7. Rilton Cup 2007/2008"]
[Site "Stockholm SWE"]
[Date "2008.01.04"]
[Round "8.21"]
[White "Angskog, Kent"]
[Black "Frisk Kockum, Anton"]
[Result "1/2-1/2"]
[PlyCount "69"]
[EventDate "2007.12.27"]
[EventType "swiss"]
[EventRounds "9"]
[EventCountry "SWE"]
[Source "lmi"]
[SourceDate "2008.12.27"]
[WhiteElo "2271"]
[BlackElo "2206"]

1. Nf3 f5 2. d3 d6 3. e4 Nc6 4. exf5 Bxf5 5. d4 e6 6. Bd3 Bxd3 7. Qxd3 Qd7 8.
O-O O-O-O 9. c4 d5 10. Nc3 Nf6 11. c5 Bxc5 12. dxc5 e5 13. Qd1 d4 14. Nb5 a6
15. a4 e4 16. Nd2 axb5 17. axb5 Nb8 18. b6 Qd5 19. Qa4 Qc6 20. bxc7 Kxc7 21.
Qa5+ Kd7 22. Nc4 Ke7 23. Bf4 Nbd7 24. Bd6+ Kf7 25. Rad1 d3 26. f3 Rhe8 27. fxe4
Qxe4 28. Qc3 Kg8 29. Rfe1 Qc6 30. Rxe8+ Rxe8 31. Na5 Qa4 32. Qc4+ Qxc4 33. Nxc4
Re2 34. Rxd3 Ne4 35. h3 1/2-1/2

[Event "7. Rilton Cup 2007/2008"]
[Site "Stockholm SWE"]
[Date "2008.01.04"]
[Round "8.23"]
[White "Andersson, Fredrik"]
[Black "Karlsson, Tomas"]
[Result "1/2-1/2"]
[PlyCount "45"]
[EventDate "2007.12.27"]
[EventType "swiss"]
[EventRounds "9"]
[EventCountry "SWE"]
[Source "lmi"]
[SourceDate "2008.12.27"]
[WhiteElo "2229"]
[BlackElo "2249"]

1. d4 e6 2. Nf3 d5 3. c3 c5 4. Bg5 Qb6 5. Qc1 Nc6 6. e3 Bd6 7. Nbd2 Nge7 8. Bd3
Bd7 9. Bh4 cxd4 10. exd4 Rc8 11. Qb1 Nf5 12. Bg3 Nxg3 13. hxg3 h6 14. g4 e5 15.
dxe5 Nxe5 16. Nxe5 Bxe5 17. Nf3 Bf4 18. Bf5 Be6 19. O-O O-O 20. Re1 Rce8 21.
Nd4 Bg5 22. Qc2 Bf6 23. Nf3 1/2-1/2

[Event "7. Rilton Cup 2007/2008"]
[Site "Stockholm SWE"]
[Date "2008.01.04"]
[Round "8.24"]
[White "Jiretorn, Eva"]
[Black "Evertsson, Lennart"]
[Result "1-0"]
[PlyCount "89"]
[EventDate "2007.12.27"]
[EventType "swiss"]
[EventRounds "9"]
[EventCountry "SWE"]
[Source "lmi"]
[SourceDate "2008.12.27"]
[WhiteElo "2121"]
[BlackElo "2220"]

1. d4 Nf6 2. Nf3 e6 3. g3 c5 4. Bg2 d5 5. O-O Nc6 6. c3 Qb6 7. a3 Bd7 8. h3 Rc8
9. dxc5 Bxc5 10. b4 Be7 11. Be3 Qc7 12. Nbd2 e5 13. Nb3 b6 14. Rc1 Nd8 15. Bg5
Be6 16. Nbd2 b5 17. a4 a6 18. Re1 h6 19. Be3 g5 20. a5 g4 21. Bb6 Qb8 22. hxg4
Bxg4 23. e4 Ne6 24. Qb3 dxe4 25. Nxe4 Nd7 26. Qd5 Ng7 27. Nc5 Nxb6 28. axb6 O-O
29. Nxe5 Rcd8 30. Ncd7 Bxd7 31. Nxd7 Rxd7 32. Qxd7 Bg5 33. b7 Rd8 34. Qc6 Bxc1
35. Rxc1 Qe5 36. Qxa6 Kh7 37. Qc6 f5 38. Qb6 Rf8 39. Qe3 Qc7 40. Qc5 Qf7 41.
Qxb5 Qc7 42. Qc5 Qd8 43. Ra1 Ne6 44. b8=Q Qxb8 45. Qe7+ 1-0

[Event "7. Rilton Cup 2007/2008"]
[Site "Stockholm SWE"]
[Date "2008.01.04"]
[Round "8.26"]
[White "Vovk, Ilja"]
[Black "Nyberg, Ulf"]
[Result "1/2-1/2"]
[PlyCount "133"]
[EventDate "2007.12.27"]
[EventType "swiss"]
[EventRounds "9"]
[EventCountry "SWE"]
[Source "lmi"]
[SourceDate "2008.12.27"]
[WhiteElo "2325"]
[BlackElo "2146"]

1. d4 d6 2. e4 g6 3. c4 e5 4. dxe5 dxe5 5. Qxd8+ Kxd8 6. Nc3 Be6 7. Be3 Nd7 8.
O-O-O c6 9. g3 Kc7 10. Bh3 Bxh3 11. Nxh3 h6 12. f3 Ngf6 13. Na4 Nb6 14. Nxb6
axb6 15. a3 Ra4 16. Kd2 Bc5 17. Bxc5 bxc5 18. Kc3 b5 19. cxb5 cxb5 20. Ng1 b4+
21. axb4 Rxb4 22. Ra1 Rhb8 23. Ra7+ Kd8 24. Ra2 Rb3+ 25. Kc2 Ke8 26. h4 c4 27.
Rh2 Nd7 28. h5 g5 29. Rd2 Nc5 30. Rd6 Ne6 31. Ne2 Rxf3 32. Rd5 Re3 33. Nc3 Rxg3
34. Rxe5 Rg2+ 35. Kc1 Rg1+ 36. Kd2 Rg2+ 37. Kc1 Kf8 38. Nb5 Nf4 39. Rf5 Nd3+
40. Kd1 c3 41. Nxc3 Nxb2+ 42. Ke1 Nd3+ 43. Kf1 Rxa2 44. Nxa2 Rb1+ 45. Ke2 Nf4+
46. Ke3 Nxh5 47. Nc3 Rb3 48. Kd4 Nf4 49. e5 Rb4+ 50. Kc5 Nd3+ 51. Kd5 Rf4 52.
Rf6 Rxf6 53. exf6 Nf4+ 54. Ke5 Ne6 55. Nd5 h5 56. Ne3 Kg8 57. Kd6 g4 58. Ng2
Kf8 59. Ke5 Ke8 60. Nh4 Ng5 61. Nf5 Nf3+ 62. Kf4 Kd7 63. Ng7 Ne5 64. Nxh5 Ke6
65. Kg5 Kd5 66. Kf5 Kd4 67. Kf4 1/2-1/2

[Event "7. Rilton Cup 2007/2008"]
[Site "Stockholm SWE"]
[Date "2008.01.05"]
[Round "9.3"]
[White "Cramling, Pia"]
[Black "Berczes, David"]
[Result "1/2-1/2"]
[PlyCount "28"]
[EventDate "2007.12.27"]
[EventType "swiss"]
[EventRounds "9"]
[EventCountry "SWE"]
[Source "lmi"]
[SourceDate "2008.12.27"]
[WhiteElo "2531"]
[BlackElo "2430"]

1. d4 Nf6 2. Nf3 e6 3. c4 c5 4. d5 b5 5. Bg5 exd5 6. cxd5 d6 7. e3 a6 8. a4 b4
9. Nbd2 Be7 10. Nc4 a5 11. Bd3 O-O 12. O-O Ba6 13. Rc1 Nbd7 14. Re1 h6 1/2-1/2